| 000 | 00703nam a2200229Ia 4500 | ||
|---|---|---|---|
| 003 | GCL | ||
| 008 | 140319s9999 xx 000 0 ara d | ||
| 040 |
_aGCL / _cGCL |
||
| 082 | 0 | 4 |
_aق _b598.2962 _bأ ط |
| 100 | 1 | _aاحمد حماد الحسينى | |
| 245 | 1 | 0 |
_aطيور مصر مع نبذة عن حياة الطيور / _cاحمد حماد الحسينى |
| 260 |
_a[S.N] : _bالمطبعة المتوسطة ، _c1940 |
||
| 300 | _a194 ص | ||
| 490 | _a | ||
| 650 | 0 | 4 | _aمصر |
| 650 | 0 | 4 | _aالعادات والسلوك |
| 650 | 0 | 4 | _aالطيور |
| 650 | 0 | 4 | _aالطيور الجارحة |
| 650 | 0 | 4 | _aطيور الزينة |
| 650 | 0 | 4 | _aالطيور المائية |
| 942 |
_2ddc _cBK |
||
| 999 |
_c36550 _d36550 |
||